Państwa europejskie nie należące ani do NATO, ani do UE - Statystyki

Ogólne statystyki
  • Ten quiz został rozwiązany 936 razy
    782 od ostatniego zresetowania
  • Średni wynik to 18 z 27
Statystyki odpowiedzi
Poza UE % Poprawnych
Rosja
89%
Ukraina
89%
Białoruś
85%
Norwegia
82%
Serbia
79%
Szwajcaria
77%
Szwecja
76%
Watykan
76%
Finlandia
75%
Andora
74%
Albania
73%
Liechtenstein
72%
San Marino
72%
Mołdawia
71%
Bośnia i Hercegowina
70%
Kosowo
70%
Monako
70%
Wielka Brytania
70%
Islandia
66%
Czarnogóra
65%
Irlandia
61%
Turcja
61%
Malta
59%
Austria
54%
Gruzja
33%
Kazachstan
31%
Azerbejdżan
25%
Nie znaleziono quizów pasujących do podanych kryteriów
Rozkład punktacji
Procent ludzi z każdym wynikiem
Percentyl według liczby udzielonych odpowiedzi
Twoja historia wyników
Nie rozwiązałeś tego quizu od ostatniego zresetowania